[Event "CAN-ch U16"]
[Site "Ottawa"]
[Date "2007.07.03"]
[Round "1"]
[White "Zhou, Haonan"]
[Black "Dallaire, Patrick"]
[Result "1-0"]
[WhiteElo "2016"]
[BlackElo "1433"]
[PlyCount "141"]
[EventDate "2007.07.03"]
[EventType "swiss"]
[EventRounds "7"]
[EventCountry "CAN"]
[SourceTitle "EXT 2022"]
[Source "ChessBase"]
[SourceDate "2021.10.06"]
[SourceVersion "1"]
[SourceVersionDate "2021.10.06"]
[SourceQuality "1"]

1. d4 d5 2. c4 c6 3. Nc3 Nf6 4. Nf3 e6 5. Bg5 Be7 6. e3 0-0 7. Rc1 Nbd7 8. Bd3 h6 9. Bh4 b6 10. cxd5 cxd5 11. 0-0 Bb7 12. Bb1 Ne4 13. Bxe7 Qxe7 14. Nxe4 dxe4 15. Nd2 Nf6 16. Nc4 Rac8 17. Qd2 Rc7 18. Ne5 Rfc8 19. a3 Bd5 20. Rfe1 Nd7 21. Rxc7 Rxc7 22. Nxd7 Qxd7 23. Rc1 Rc6 24. Rc3 Qc7 25. Bc2 b5 26. Bd1 g6 27. Rxc6 Qxc6 28. h3 Qc4 29. Be2 Qb3 30. Qc1 Bc4 31. Bd1 Qd3 32. Bc2 Qe2 33. Bxe4 f5 34. Bf3 Qd3 35. Qd1 Qxd1+ 36. Bxd1 a6 37. f3 Bd5 38. Kf2 Kf7 39. Bc2 h5 40. e4 Bc6 41. Ke3 Kf6 42. h4 Bb7 43. Bb3 Bc6 44. Kf4 Be8 45. Ba2 Bf7 46. exf5 gxf5 47. Bb1 Bg8 48. Bd3 Bf7 49. Ke3 Ke7 50. d5 exd5 51. Bxf5 Kf6 52. Bc8 a5 53. Kd4 Bg8 54. Bb7 Kf5 55. Bxd5 Bxd5 56. Kxd5 Kf4 57. Kc5 b4 58. axb4 axb4 59. Kxb4 Kg3 60. Kc5 Kxh4 61. b4 Kg3 62. b5 Kxg2 63. b6 h4 64. b7 h3 65. b8Q Kxf3 66. Qh2 Kg4 67. Kd4 Kh4 68. Ke5 Kg4 69. Qf4+ Kh5 70. Kf5 h2 71. Qg5# 1-0